<?xml version="1.0" encoding="utf-8"?>
<?xml-stylesheet type='text/xsl' href='./oai2.xsl'?>
<OAI-PMH xmlns="http://www.openarchives.org/OAI/2.0/" xmlns:xsi="http://www.w3.org/2001/XMLSchema-instance" xsi:schemaLocation="http://www.openarchives.org/OAI/2.0/ http://www.openarchives.org/OAI/2.0/OAI-PMH.xsd">
  <responseDate>2026-06-03T02:08:12Z</responseDate>
  <request verb="GetRecord" metadataPrefix="marcxml" identifier="record_kuniweb_2508564">https://kulturerbe.niedersachsen.de/oai</request>
  <GetRecord>
    <record>
      <header>
        <identifier>record_kuniweb_2508564</identifier>
        <datestamp>2026-03-31T19:09:18Z</datestamp>
        <setSpec>slg0175</setSpec>
      </header>
      <metadata>
        <marc:record xmlns:marc="http://www.loc.gov/MARC21/slim" xsi:schemaLocation="http://www.loc.gov/MARC21/slim http://www.loc.gov/standards/marcxml/schema/MARC21slim.xsd">
          <marc:leader>12345nkm  22     uu 4500</marc:leader>
          <marc:controlfield tag="001">2508564</marc:controlfield>
          <marc:controlfield tag="003">http://kuniweb.gbv.de</marc:controlfield>
          <marc:controlfield tag="005">2024-05-27T13:44:49</marc:controlfield>
          <marc:controlfield tag="008">|           ||||||||||||||||||||||</marc:controlfield>
          <marc:datafield tag="245" ind1="1" ind2="0">
            <marc:subfield code="a">William Unger im Atelier</marc:subfield>
          </marc:datafield>
          <marc:datafield tag="720" ind1=" " ind2=" ">
            <marc:subfield code="a">E. A. Seemann (Firma : Leipzig)</marc:subfield>
          </marc:datafield>
          <marc:datafield tag="720" ind1=" " ind2=" ">
            <marc:subfield code="a">L. Angerer</marc:subfield>
          </marc:datafield>
          <marc:datafield tag="720" ind1=" " ind2=" ">
            <marc:subfield code="a">Graphische Lehr-und Versuchsanstalt (Wien)</marc:subfield>
          </marc:datafield>
          <marc:datafield tag="720" ind1=" " ind2=" ">
            <marc:subfield code="a">Hans Temple</marc:subfield>
          </marc:datafield>
          <marc:datafield tag="655" ind1=" " ind2="7">
            <marc:subfield code="a">Grafik</marc:subfield>
          </marc:datafield>
          <marc:datafield tag="046" ind1=" " ind2=" ">
            <marc:subfield code="k">1891</marc:subfield>
            <marc:subfield code="k">1891/92 (Veröffentlichung der Reproduktion in der "Zeitschrift für bildende Kunst" 1892)</marc:subfield>
            <marc:subfield code="l">1892</marc:subfield>
          </marc:datafield>
          <marc:datafield tag="260" ind1=" " ind2=" ">
            <marc:subfield code="g">1891</marc:subfield>
            <marc:subfield code="g">1892</marc:subfield>
            <marc:subfield code="g">1891/92 (Veröffentlichung der Reproduktion in der "Zeitschrift für bildende Kunst" 1892)</marc:subfield>
          </marc:datafield>
          <marc:datafield tag="300" ind1=" " ind2=" ">
            <marc:subfield code="a">Höhe: 216 mm (Darstellung)
Breite: 158 mm (Darstellung)
Höhe: 260 mm (Druckplatte)
Breite: 195 mm (Druckplatte)</marc:subfield>
          </marc:datafield>
          <marc:datafield tag="520" ind1=" " ind2=" ">
            <marc:subfield code="a">Heliogravüre der "Anstalt 'Reproduction'" (Graphische Lehr-und Versuchsanstalt, Wien) nach dem Gemälde Hans Temples (1891), das den populären Radierer und Kupferstecher William Unger in seinem Atelier zeigt. Reproduktionen bekannter Kunstwerke von Unger selbst zahlreich erschienen als Beilagen oder Abbildungen in der "Zeitschrift für bildende Kunst"; Heliogravüre nach dem Gemälde Temples auf diese Weise ebenfalls erschienen als Beilage in der Zeitschrift 1892 ("Auf der internationalen Kunstausstellung in Berlin erregte ein Portrait W. Ungers im Atelier, von H. Temple gemalt, nicht nur wegen der Persönlichkeit des Dargestellten, sondern auch um seiner malerischen Qualitäten vielfaches Interesse." [ZfbK 1892, S. 119]) (T. Mahler 05/2024)

Aufdruck:
"H. Temple pinx./ Verlag von E.A. Seemann in Leipzig." u. li. "WILLIAM UNGER IM ATELIER." u. mittig "Heliograv. der Anstalt 'Reproduction'./ Druck von L. Angerer in Berlin." u. re. (unterhalb der Darstellung innerhalb der Druckplatte)

Aufschrift:
"N.F. III 5" verso u. mittig (Angaben zur Auflage ("Neue Folge" in der "Zeitschrift für bildende Kunst", Bd. 3, Heft 5, Leipzig 1892))

Veröffentlicht in:
Zeitschrift für bildende Kunst, hrsg. von Carl von Lützow (Neue Folge 3, 5), Leipzig (Februar 1892).</marc:subfield>
          </marc:datafield>
          <marc:datafield tag="650" ind1="1" ind2=" ">
            <marc:subfield code="a">Grafik, Fotografie &gt; Druckgrafik &gt; Tiefdruck &gt; Heliogravüre</marc:subfield>
          </marc:datafield>
          <marc:datafield tag="650" ind1="1" ind2=" ">
            <marc:subfield code="a">Wien</marc:subfield>
          </marc:datafield>
          <marc:datafield tag="773" ind1="0" ind2=" ">
            <marc:subfield code="t">Sammlung und Nachlass Hermann Allmers</marc:subfield>
          </marc:datafield>
          <marc:datafield tag="852" ind1=" " ind2=" ">
            <marc:subfield code="a">Archiv des Landkreises Cuxhaven</marc:subfield>
          </marc:datafield>
          <marc:datafield tag="852" ind1=" " ind2=" ">
            <marc:subfield code="a">Wien</marc:subfield>
          </marc:datafield>
          <marc:datafield tag="" ind1=" " ind2=" ">
            <marc:subfield code="a">Sammlung und Nachlass Hermann Allmers sind Eigentum der Hermann-Allmers-Gesellschaft e. V. und werden in zwei Teilen an zwei Standorten verwahrt:
Die (museale) Sammlung, bestehend aus Mobiliar und Hausgerät, Tafelgemälden, kleineren und größeren Antiken, Gipsabgüssen, kunsthandwerklichen Objekten aus Keramik und Glas und einer kleinen Bibliothek, befindet sich im Allmers-Haus in Rechtenfleth.
Der literarische, grafische und fotografische "Nachlass Hermann Allmers" hingegen ist im Archiv des Landkreises Cuxhaven in Otterndorf deponiert.</marc:subfield>
          </marc:datafield>
          <marc:datafield tag="" ind1=" " ind2=" ">
            <marc:subfield code="a">Namensnennung - Nicht kommerziell - Keine Bearbeitungen 4.0 International (CC BY-NC-ND 4.0)</marc:subfield>
          </marc:datafield>
        </marc:record>
      </metadata>
    </record>
  </GetRecord>
</OAI-PMH>
